000 00847nam a2200217 a 4500
001 000973430
003 AM-YeHGA
005 20250617150121.0
008 130710s1918 ru r 000 0 rus d
040 _aAM-YeHGA
041 0 _arus
100 1 _aБрюсов, Валерий Яковлевич,
_d1873-1924
245 1 0 _aЛетопись исторических судеб армянского народа :
_b[От VI в. до Р. ХР. по наше время] /
_cВалерий Брюсов.
260 _aМосква :
_bМоск. Арм. Ком.,
_c1918.
300 _a124 с.
504 _aБиблиогр.: с. 117-122
650 1 4 _aАрмяне
_xИстория
650 1 4 _aИстория
_zАрмения
_yПериод с древнейших времен до начала 20 в.
942 _2udc
_cBK
090 _c326465
999 _c324720
_d324720